Joueurs de football par images - J - Statistiques

Statistiques générales
  • Ce quiz a été pris 1 231 fois
  • Le résultat moyen est 8 sur 20
Statistiques - réponses
Par images Réponse % Correct
Juninho
92%
Diogo Jota
85%
Christophe Jallet
84%
Jorginho
84%
Jairzinho
61%
Juanfran
60%
Luka Jović
59%
Raúl Jiménez
52%
Joaquín
42%
Geoffrey Jourdren
39%
Stefan Jovetić
32%
Adnan Januzaj
28%
Jemerson
26%
Jérémie Janot
23%
Jussiê
15%
Glen Johnson
12%
Vincent Janssen
8%
Jermaine Jones
7%
Marek Jankulovski
7%
Mário Jardel
5%
Aucun quiz correspondant
Distribution des résultats
% des personnes avec chaque résultat
Percentile par nombre de réponses
Votre historique - résultats
Vous n’avez pas pris ce quiz